Statistics for Countries that Contain the Letter Z

Click here to take the quiz!

General Stats

  • This quiz has been taken 788 times
  • The average score is 12 of 16

Answer Stats

Answer% Correct
Zimbabwe
98%
Zambia
97%
Azerbaijan
84%
Uzbekistan
82%
Kazakhstan
79%
Mozambique
76%
Switzerland
75%
Tanzania
75%
New Zealand
74%
Venezuela
73%
Belize
71%
Brazil
71%
Kyrgyzstan
71%
Czech Republic
65%
Swaziland
61%
Bosnia and Herzegovina
56%

Score Distribution

Percentile by Number Answered

Percent of People with Each Score

Your Score History

You have not taken this quiz